[Event "Mittelfrankenliga 05/06 (B2b)"]
[Site "Mfr.2005/06-R5"]
[Date "2006.01.29"]
[Round "5.2"]
[White "Stephan, Eberhard"]
[Black "Werner, Thomas[65]"]
[Result "1-0"]
[WhiteElo "1980"]
[BlackElo "1910"]
[Annotator "Gunzenhausen/Wbg.2-SW Nbg.3"]
[PlyCount "69"]
[EventDate "2006.01.29"]
[SourceDate "2005.10.17"]

1. d4 d5 2. c4 c6 3. cxd5 cxd5 4. Nf3 Nf6 5. Nc3 Nc6 6. Bf4 a6 7. Ne5 Bd7 8. e3
e6 9. Bd3 Be7 10. O-O O-O 11. a3 Rc8 12. Rc1 Na5 13. Qf3 b5 14. g4 Ne8 15. Qh3
g6 16. Bh6 Ng7 17. f4 f5 18. gxf5 gxf5 19. Rf3 Bf6 20. Kf2 Be8 21. Rg1 Rc7 22.
Kf1 Nc4 23. Bxc4 bxc4 24. Rgg3 Bxe5 25. fxe5 Bg6 26. Qg2 f4 27. Bxf4 Nf5 28.
Rxg6+ hxg6 29. Qxg6+ Ng7 30. Qxe6+ Kh7 31. Qh6+ Kg8 32. Qg6 Kh8 33. Rg3 Qb8 34.
e6 Qxb2 35. Rh3+ 1-0

[Event "Mittelfrankenliga 05/06 (B2b)"]
[Site "Mfr.2005/06-R5"]
[Date "2006.01.29"]
[Round "5.4"]
[White "Enderlein, Hermann"]
[Black "Fuchs, Johann,Dr."]
[Result "0-1"]
[WhiteElo "1937"]
[BlackElo "1960"]
[Annotator "Gunzenhausen/Wbg.2-SW Nbg.3"]
[PlyCount "120"]
[EventDate "2006.01.29"]
[SourceDate "2005.10.17"]

1. c4 Nf6 2. Nc3 d5 3. cxd5 Nxd5 4. g3 g6 5. Bg2 Nxc3 6. bxc3 Bg7 7. Rb1 Nd7 8.
e3 Rb8 9. Ne2 c5 10. d4 Qa5 11. Qd2 O-O 12. O-O Rd8 13. c4 Qxd2 14. Bxd2 b6 15.
a4 Ne5 16. Bc3 cxd4 17. Nxd4 Ba6 18. Nb5 Nxc4 19. Bxg7 Kxg7 20. Nc7 Bb7 21.
Rfd1 Bxg2 22. Kxg2 Nd6 23. Nd5 e6 24. Nb4 Ne4 25. Rxd8 Rxd8 26. Nc6 Rd7 27. a5
bxa5 28. Nxa5 Rd2 29. Rf1 Ra2 30. Nc4 a5 31. Kg1 a4 32. f3 Nc3 33. Rf2 Ra1+ 34.
Rf1 Ra2 35. Rf2 Ra1+ 36. Rf1 Rxf1+ 37. Kxf1 Nb5 38. Na5 a3 39. Nb3 e5 40. Ke1
Kf6 41. Kd2 Ke6 42. Kc2 Kd5 43. Na5 f5 44. Kb3 a2 45. Kxa2 Nc3+ 46. Kb3 Nd1 47.
Nc4 e4 48. f4 Nf2 49. Ne5 Nd3 50. Nxd3 exd3 51. Kc3 Ke4 52. Kd2 h5 53. h3 Kf3
54. Kxd3 Kxg3 55. Ke2 h4 56. Ke1 Kxh3 57. Kf2 Kg4 58. Kg2 h3+ 59. Kf2 h2 60.
Kg2 h1=Q+ 0-1

[Event "Mittelfrankenliga 05/06 (B2b)"]
[Site "Mfr.2005/06-R5"]
[Date "2006.01.29"]
[Round "5.5"]
[White "Billmann, Andreas"]
[Black "Fising, Robert"]
[Result "1-0"]
[WhiteElo "1872"]
[BlackElo "1629"]
[Annotator "Gunzenhausen/Wbg.2-SW Nbg.3"]
[PlyCount "45"]
[EventDate "2006.01.29"]
[SourceDate "2005.10.17"]

1. d4 Nf6 2. c4 g6 3. Nc3 d5 4. Nf3 Bg7 5. e3 Bg4 6. Be2 O-O 7. O-O c6 8. h3
Bxf3 9. Bxf3 Re8 10. cxd5 cxd5 11. Qb3 Qd7 12. Nxd5 Nc6 13. Nxf6+ Bxf6 14. Bd2
Rac8 15. Rac1 Rc7 16. Rc2 Rec8 17. Rfc1 e6 18. d5 exd5 19. Bg4 Qd6 20. Bxc8
Rxc8 21. Qxb7 Rc7 22. Rxc6 Rxb7 23. Rxd6 1-0

[Event "Mittelfrankenliga 05/06 (B2b)"]
[Site "Mfr.2005/06-R5"]
[Date "2006.01.29"]
[Round "5.6"]
[White "Reichert, Romuald"]
[Black "Hintyes, Helmuth"]
[Result "0-1"]
[WhiteElo "1747"]
[BlackElo "1806"]
[Annotator "Gunzenhausen/Wbg.2-SW Nbg.3"]
[PlyCount "50"]
[EventDate "2006.01.29"]
[SourceDate "2005.10.17"]

1. d4 d5 2. e4 dxe4 3. Nc3 f5 4. f3 exf3 5. Qxf3 Nf6 6. Bd3 Nc6 7. Nge2 e6 8.
Be3 Bb4 9. O-O-O Qe7 10. h3 Bd7 11. Rhe1 O-O-O 12. Bg1 Rhe8 13. Nf4 Bxc3 14.
bxc3 Qa3+ 15. Kd2 e5 16. Bc4 exf4 17. Rb1 Ne4+ 18. Rxe4 fxe4 19. Qxf4 Na5 20.
Bd5 Bc6 21. Bh2 Re7 22. Be6+ Kb8 23. Qg5 e3+ 24. Ke2 h6 25. Qf4 Qxc3 0-1

[Event "Mittelfrankenliga 05/06 (B2b)"]
[Site "Mfr.2005/06-R5"]
[Date "2006.01.29"]
[Round "5.7"]
[White "Mueller, Werner[66]"]
[Black "Jaeger, Peter[63]"]
[Result "1/2-1/2"]
[WhiteElo "1794"]
[BlackElo "1799"]
[Annotator "Gunzenhausen/Wbg.2-SW Nbg.3"]
[PlyCount "64"]
[EventDate "2006.01.29"]
[SourceDate "2005.10.17"]

1. f4 d5 2. Nf3 Nc6 3. e3 a6 4. Be2 Nf6 5. b3 d4 6. O-O Bf5 7. Nh4 Qd7 8. Nxf5
Qxf5 9. Bd3 Qd5 10. a3 e6 11. Bb2 Bc5 12. Qe2 O-O-O 13. Kh1 e5 14. e4 Qd6 15.
f5 g6 16. b4 Bb6 17. Bc4 Rhf8 18. d3 Nh5 19. Bc1 Nf4 20. Bxf4 exf4 21. fxg6
fxg6 22. Qg4+ Kb8 23. Qe6 Ne5 24. Qxd6 Rxd6 25. Nd2 g5 26. Bb3 g4 27. Nc4 Nxc4
28. Bxc4 c6 29. Rae1 Bd8 30. e5 Rh6 31. Kg1 Bg5 32. Re4 f3 1/2-1/2

[Event "Mittelfrankenliga 05/06 (B2b)"]
[Site "Mfr.2005/06-R5"]
[Date "2006.01.29"]
[Round "5.8"]
[White "Gajewski, Richard"]
[Black "Bala, Claudiu"]
[Result "0-1"]
[WhiteElo "1589"]
[BlackElo "1649"]
[Annotator "Gunzenhausen/Wbg.2-SW Nbg.3"]
[PlyCount "54"]
[EventDate "2006.01.29"]
[SourceDate "2005.10.17"]

1. e4 c5 2. d4 cxd4 3. c3 dxc3 4. Nxc3 Nc6 5. Bc4 Nf6 6. Bf4 d6 7. Qb3 e6 8.
Nf3 Nd7 9. Bxe6 fxe6 10. Qxe6+ Be7 11. Bxd6 Nde5 12. Qb3 Nxf3+ 13. gxf3 Qxd6
14. Rd1 Qe6 15. Nd5 O-O 16. Rg1 Bb4+ 17. Ke2 a5 18. Qe3 b6 19. Qxb6 Ba6+ 20.
Ke3 Qh6+ 21. f4 Rfb8 22. Rxg7+ Kxg7 23. Qc7+ Kh8 24. Qf7 Bc5+ 25. Kd2 Rxb2+ 26.
Kc1 Ba3 27. Nc7 Rxf2+ 0-1

[Event "Mittelfrankenliga 05/06 (B2b)"]
[Site "Mfr.2005/06-R5"]
[Date "2006.01.29"]
[Round "5.1"]
[White "Fink, Martin"]
[Black "Alsheimer, Christoph"]
[Result "1/2-1/2"]
[WhiteElo "1875"]
[BlackElo "2016"]
[Annotator "Bechhofen1-Heideck1"]
[PlyCount "37"]
[EventDate "2006.01.29"]
[SourceDate "2005.10.17"]

1. e4 d5 2. exd5 Nf6 3. d4 Bg4 4. f3 Bf5 5. Bb5+ Nbd7 6. c4 a6 7. Ba4 e6 8.
dxe6 fxe6 9. Ne2 Bb4+ 10. Nbc3 O-O 11. O-O e5 12. a3 exd4 13. Nxd4 Bc5 14. b4
Bxd4+ 15. Qxd4 Nb6 16. Qxd8 Rfxd8 17. Bb3 Be6 18. Bf4 Rac8 19. Rfd1 1/2-1/2

[Event "Mittelfrankenliga 05/06 (B2b)"]
[Site "Mfr.2005/06-R5"]
[Date "2006.01.29"]
[Round "5.2"]
[White "Lutz, Thomas"]
[Black "Kirchner, Norbert jr."]
[Result "1-0"]
[WhiteElo "1975"]
[BlackElo "2060"]
[Annotator "Bechhofen1-Heideck1"]
[PlyCount "85"]
[EventDate "2006.01.29"]
[SourceDate "2005.10.17"]

1. c4 e5 2. e3 Nf6 3. a3 d5 4. cxd5 Nxd5 5. Qc2 Be6 6. Nf3 Nd7 7. d3 Be7 8. b3
O-O 9. Bb2 Bd6 10. Nbd2 Qe7 11. Be2 h6 12. O-O f5 13. Nc4 Bf7 14. Rfe1 Bg6 15.
e4 fxe4 16. dxe4 N5b6 17. b4 Kh8 18. Ncd2 Rf4 19. g3 Rf7 20. Nh4 Qf6 21. f4 Bh7
22. Rf1 Qe7 23. f5 Nf6 24. Rac1 a5 25. b5 Bxa3 26. Nc4 Bxb2 27. Qxb2 Nxc4 28.
Rxc4 b6 29. Rfc1 Ne8 30. Rc6 Rf6 31. Qc3 Rd8 32. Bh5 Rxc6 33. Qxc6 Nf6 34. Bg6
Qd7 35. Qxd7 Rxd7 36. Bxh7 Kxh7 37. Ng6 Rd4 38. Rxc7 Nxe4 39. Rc8 Rd1+ 40. Kg2
Rd2+ 41. Kf3 Rf2+ 42. Kxe4 Rxf5 43. Kxf5 1-0

[Event "Mittelfrankenliga 05/06 (B2b)"]
[Site "Mfr.2005/06-R5"]
[Date "2006.01.29"]
[Round "5.3"]
[White "Platz, Stephan"]
[Black "Boese, Klaus"]
[Result "0-1"]
[WhiteElo "1865"]
[BlackElo "2020"]
[Annotator "Bechhofen1-Heideck1"]
[PlyCount "136"]
[EventDate "2006.01.29"]
[SourceDate "2005.10.17"]

1. e4 d6 2. d4 g6 3. Nf3 Bg7 4. Bc4 c6 5. a4 Nf6 6. Nc3 O-O 7. O-O Bg4 8. Bb3
Nbd7 9. Be3 c5 10. h3 Bxf3 11. Qxf3 Qa5 12. Rfd1 cxd4 13. Bxd4 Ne5 14. Bxe5
Qxe5 15. Re1 e6 16. Qe3 Rfd8 17. Rad1 Ne8 18. Rd3 Qa5 19. Red1 a6 20. Qf4 Be5
21. Qh6 Rac8 22. Ne2 Bxb2 23. f4 Bg7 24. Qh4 Bf6 25. Qh6 Bg7 26. Qh4 Bf6 27.
Qh6 Qh5 28. Qxh5 gxh5 29. g4 hxg4 30. hxg4 Be7 31. g5 Nc7 32. Rg3 d5 33. e5 b5
34. Kg2 bxa4 35. Bxa4 Kg7 36. Nd4 Nb5 37. Nxb5 axb5 38. Bb3 b4 39. Rh3 Rc3 40.
Rh6 Bc5 41. Rdh1 Rh8 42. Rd1 Re3 43. Rh3 h6 44. Rxe3 Bxe3 45. Kf3 Bc5 46. gxh6+
Rxh6 47. f5 Rh5 48. fxe6 fxe6 49. Bxd5 exd5 50. Rxd5 Be7 51. Ke4 Rh2 52. Rd7
Kf7 53. Rc7 Ke6 54. Rc6+ Kd7 55. Rc4 Rh3 56. Kd5 Rh6 57. Re4 Kc7 58. c4 Rc6 59.
Re3 Kd7 60. e6+ Kc7 61. Rb3 Rc5+ 62. Kd4 Rh5 63. Rg3 Kd6 64. Re3 Bf6+ 65. Kd3
Re5 66. Rxe5 Bxe5 67. c5+ Kxe6 68. Kc4 Bc3 0-1

[Event "Mittelfrankenliga 05/06 (B2b)"]
[Site "Mfr.2005/06-R5"]
[Date "2006.01.29"]
[Round "5.4"]
[White "Kaiser, Harald[66]"]
[Black "Wegmann, Wolfgang"]
[Result "1/2-1/2"]
[WhiteElo "1935"]
[BlackElo "1725"]
[Annotator "Bechhofen1-Heideck1"]
[PlyCount "42"]
[EventDate "2006.01.29"]
[SourceDate "2005.10.17"]

1. e4 e6 2. d3 d5 3. Nd2 Nf6 4. Ngf3 Nc6 5. g3 dxe4 6. dxe4 Bc5 7. Bg2 e5 8. h3
O-O 9. O-O h6 10. Qe2 Qe7 11. c3 a5 12. Nh4 b6 13. Rd1 Be6 14. Nf5 Qe8 15. Qf3
Nh7 16. Nb3 Be7 17. h4 a4 18. Nd2 Bf6 19. Nf1 Ne7 20. N1e3 Rd8 21. Nxe7+ Bxe7
1/2-1/2

[Event "Mittelfrankenliga 05/06 (B2b)"]
[Site "Mfr.2005/06-R5"]
[Date "2006.01.29"]
[Round "5.5"]
[White "Plan, Johann"]
[Black "Wind, Patrick"]
[Result "1-0"]
[WhiteElo "1887"]
[BlackElo "1872"]
[Annotator "Bechhofen1-Heideck1"]
[PlyCount "93"]
[EventDate "2006.01.29"]
[SourceDate "2005.10.17"]

1. d4 Nf6 2. Nf3 e6 3. c4 Bb4+ 4. Bd2 Qe7 5. a3 Bxd2+ 6. Nbxd2 b6 7. g3 Bb7 8.
Bg2 O-O 9. O-O d6 10. Qc2 Nbd7 11. Ne1 Bxg2 12. Nxg2 e5 13. e3 a5 14. Rac1 Nh5
15. f4 exd4 16. exd4 f5 17. Rce1 Qf6 18. Nf3 Rfe8 19. Qa4 Rxe1 20. Rxe1 Nf8 21.
Qc6 Rc8 22. Qb7 Rd8 23. Qxc7 d5 24. cxd5 Qd6 25. Qxd6 Rxd6 26. Ne3 g6 27. Rc1
Nf6 28. Rc6 Ne8 29. Ne5 b5 30. Kf2 Kg7 31. Rc8 Nf6 32. Rc5 Ne4+ 33. Ke2 Rb6 34.
Rc7+ Kg8 35. Rc6 Rb8 36. Rc7 b4 37. a4 b3 38. Nc6 Re8 39. Rb7 g5 40. Rxb3 gxf4
41. gxf4 Ng6 42. Rb8 Rxb8 43. Nxb8 Nxf4+ 44. Kf3 Nd3 45. Nxf5 Nxb2 46. Kxe4
Nxa4 47. d6 1-0

[Event "Mittelfrankenliga 05/06 (B2b)"]
[Site "Mfr.2005/06-R5"]
[Date "2006.01.29"]
[Round "5.6"]
[White "Lutz, Rainer"]
[Black "Reichmann, Ulrich"]
[Result "1-0"]
[WhiteElo "1834"]
[BlackElo "1908"]
[Annotator "Bechhofen1-Heideck1"]
[PlyCount "122"]
[EventDate "2006.01.29"]
[SourceDate "2005.10.17"]

1. Nf3 d5 2. d4 Nf6 3. g3 g6 4. Bg2 Bg7 5. c3 O-O 6. O-O c6 7. Nbd2 Bf5 8. Nh4
Bd7 9. Ndf3 Qc8 10. Ne5 Bh3 11. Qb3 Bxg2 12. Nxg2 Nbd7 13. Bg5 Qc7 14. Bf4 Qc8
15. Nd3 Ne4 16. f3 Nd6 17. Rae1 Nf6 18. Qb4 a5 19. Qa3 Rd8 20. Nc5 Qc7 21. e4
Nh5 22. Bc1 b6 23. Nd3 c5 24. e5 Nc4 25. Qa4 cxd4 26. cxd4 Bh8 27. b3 b5 28.
Qxb5 Nb6 29. Ndf4 Nxf4 30. Nxf4 a4 31. Be3 e6 32. Rc1 Qa7 33. Rc2 Rdb8 34. Qd3
Bg7 35. Ne2 axb3 36. axb3 Qa3 37. Rb1 Nc4 38. Bc1 Qb4 39. Nc3 Na3 40. Bxa3 Rxa3
41. Rcb2 Bf8 42. Na2 Qa5 43. Nc3 Bb4 44. Ne2 Be7 45. Kf2 Qb4 46. Nf4 Bd8 47. h4
Bb6 48. Ne2 Rba8 49. g4 Ra2 50. h5 Rxb2 51. Rxb2 Ra1 52. Qd2 Qe7 53. g5 h6 54.
hxg6 fxg6 55. Qc2 Kg7 56. gxh6+ Kxh6 57. Qd2+ Kg7 58. Qf4 Rh1 59. Rd2 Rh4 60.
Qg3 Rh1 61. Nf4 Qf7 1-0

[Event "Mittelfrankenliga 05/06 (B2b)"]
[Site "Mfr.2005/06-R5"]
[Date "2006.01.29"]
[Round "5.7"]
[White "Korth, Manfred,Dr."]
[Black "Sandner, Andreas"]
[Result "0-1"]
[WhiteElo "1868"]
[BlackElo "1596"]
[Annotator "Bechhofen1-Heideck1"]
[PlyCount "94"]
[EventDate "2006.01.29"]
[SourceDate "2005.10.17"]

1. c4 e6 2. Nc3 d5 3. cxd5 exd5 4. d4 Nf6 5. Bg5 Be7 6. Nf3 O-O 7. e3 Nbd7 8.
Bd3 b6 9. O-O Bb7 10. Rc1 c5 11. b3 Ne4 12. Bf4 Ndf6 13. dxc5 Nxc3 14. Rxc3
bxc5 15. Bb1 Qa5 16. Qc2 g6 17. Bh6 Rfd8 18. Qb2 Qb6 19. Rc2 Bf8 20. Bxf8 Rxf8
21. Rfc1 Rac8 22. Qe5 Rc7 23. b4 c4 24. Nd4 Re8 25. Qf4 Nh5 26. Qh6 Qxb4 27.
Nf5 Qf8 28. Qg5 f6 29. Qh4 Bc8 30. Ng3 Nxg3 31. Qxg3 Qe7 32. Rd2 Be6 33. h4 Bf7
34. h5 Kg7 35. hxg6 hxg6 36. Bf5 Qe5 37. Qxe5 fxe5 38. Bg4 Rd8 39. Kf1 d4 40.
Ke1 c3 41. Rd3 Bxa2 42. exd4 exd4 43. Bd1 Re7+ 44. Be2 Bc4 45. Rcxc3 Bxd3 46.
Rxd3 Re4 47. Rd2 d3 0-1

[Event "Mittelfrankenliga 05/06 (B2b)"]
[Site "Mfr.2005/06-R5"]
[Date "2006.01.29"]
[Round "5.8"]
[White "Rauh, Karlheinz"]
[Black "Ruderer, Thomas"]
[Result "1/2-1/2"]
[WhiteElo "1734"]
[BlackElo "1732"]
[Annotator "Bechhofen1-Heideck1"]
[PlyCount "117"]
[EventDate "2006.01.29"]
[SourceDate "2005.10.17"]

1. e4 e6 2. d4 d5 3. e5 c5 4. Nf3 cxd4 5. Nxd4 Nc6 6. Nxc6 bxc6 7. Bd3 Ne7 8.
c3 Ng6 9. Bxg6 hxg6 10. Nd2 Qg5 11. Nf3 Qxg2 12. Rg1 Qh3 13. Be3 Be7 14. Rg3
Qf5 15. Ke2 Ba6+ 16. Kd2 O-O 17. Qc2 Qxc2+ 18. Kxc2 c5 19. Rd1 Be2 20. Rd2 Bxf3
21. Rxf3 f6 22. exf6 gxf6 23. Rg3 Kf7 24. f4 Rh8 25. Rgg2 a6 26. Bf2 Rhd8 27.
a3 a5 28. Kd1 a4 29. Be3 Bd6 30. Ke1 Rh8 31. Kf1 Rh4 32. Rgf2 Rah8 33. Rde2 Ke7
34. Kg1 Rg4+ 35. Rg2 Rxg2+ 36. Rxg2 Kf7 37. Rf2 Rh3 38. Bd2 e5 39. fxe5 Bxe5
40. Bf4 Bxf4 41. Rxf4 f5 42. Rxa4 Rd3 43. Rf4 Ke6 44. Rf2 g5 45. Kg2 d4 46.
cxd4 cxd4 47. Kf1 Rb3 48. Rd2 f4 49. Rxd4 Rxb2 50. Kg1 Ke5 51. Rb4 Ra2 52. Rb5+
Kf6 53. Rb3 Kf5 54. h3 Ke4 55. Rb4+ Kf5 56. a4 Kg6 57. h4 f3 58. hxg5 Kxg5 59.
Kf1 1/2-1/2

[Event "Mittelfrankenliga 05/06 (B2b)"]
[Site "Mfr.2005/06-R5"]
[Date "2006.01.29"]
[Round "5.1"]
[White "Hetzner, Helmut"]
[Black "Wittmann, Helmut"]
[Result "1-0"]
[WhiteElo "1934"]
[BlackElo "2099"]
[Annotator "BSGW Erlangen1-SK Schwabach2"]
[PlyCount "65"]
[EventDate "2006.01.29"]
[SourceDate "2005.10.17"]

1. e4 g6 2. d4 Bg7 3. Nc3 d6 4. f4 Nc6 5. Be3 Nf6 6. Nf3 O-O 7. Be2 e5 8. fxe5
dxe5 9. d5 Nb8 10. Qd2 Ng4 11. Bg5 f6 12. h3 fxg5 13. hxg4 h6 14. O-O-O a6 15.
d6 Be6 16. dxc7 Qxc7 17. Nd5 Qd8 18. Qb4 Nc6 19. Qxb7 Bxd5 20. Rxd5 Qf6 21. Bc4
Kh8 22. Rhd1 Rab8 23. Qxa6 Qf4+ 24. R5d2 Qxe4 25. Re1 Qxg4 26. Qxc6 Rbc8 27.
Be6 Rxc6 28. Bxg4 e4 29. Rxe4 h5 30. Bd7 Rc7 31. Kd1 Bxb2 32. Nxg5 Bc3 33. Rd3
1-0

[Event "Mittelfrankenliga 05/06 (B2b)"]
[Site "Mfr.2005/06-R5"]
[Date "2006.01.29"]
[Round "5.2"]
[White "Lange, Carsten[65]"]
[Black "Greul, Hans"]
[Result "0-1"]
[WhiteElo "1969"]
[BlackElo "2029"]
[Annotator "BSGW Erlangen1-SK Schwabach2"]
[PlyCount "110"]
[EventDate "2006.01.29"]
[SourceDate "2005.10.17"]

1. Nf3 Nf6 2. c4 c6 3. g3 d5 4. Bg2 Bg4 5. cxd5 Bxf3 6. Bxf3 cxd5 7. Qb3 Qd7 8.
O-O Nc6 9. Bg2 e6 10. d3 Nd4 11. Qd1 Be7 12. Nc3 O-O 13. Bd2 Rfd8 14. e3 Nc6
15. d4 Rac8 16. Qe2 b6 17. f4 Na5 18. g4 Nc4 19. g5 Ne8 20. Be1 g6 21. Rf3 f5
22. gxf6 Bxf6 23. Rd1 Qg7 24. h4 Kh8 25. h5 Ned6 26. b3 Na5 27. hxg6 Qxg6 28.
Rg3 Qf7 29. Rh3 Nc6 30. Kh2 Rg8 31. Bf3 Nf5 32. Nb1 Nce7 33. Bf2 Rg7 34. Bh5
Qg8 35. Bf3 Ng6 36. Rg1 Ngh4 37. Rxg7 Qxg7 38. Na3 Qg6 39. Be1 Be7 40. Nb5 a6
41. Nc3 Nxf3+ 42. Qxf3 Bb4 43. e4 dxe4 44. Qxe4 Qf6 45. Qb7 Ne7 46. Qe4 Ng6 47.
Bd2 Bd6 48. Ne2 Qf5 49. Qxf5 exf5 50. Rc3 Rxc3 51. Nxc3 Nxf4 52. Kg1 Ne6 53.
Nd5 b5 54. Nb4 Nxd4 55. Nxa6 Nf3+ 0-1

[Event "Mittelfrankenliga 05/06 (B2b)"]
[Site "Mfr.2005/06-R5"]
[Date "2006.01.29"]
[Round "5.3"]
[White "Oberndoerfer, Dieter"]
[Black "Bous, Florian"]
[Result "0-1"]
[WhiteElo "1870"]
[BlackElo "1943"]
[Annotator "BSGW Erlangen1-SK Schwabach2"]
[PlyCount "108"]
[EventDate "2006.01.29"]
[SourceDate "2005.10.17"]

1. Nf3 Nf6 2. g3 d5 3. Bg2 g6 4. O-O Bg7 5. d4 O-O 6. c4 dxc4 7. Na3 Nc6 8.
Nxc4 Be6 9. b3 Bd5 10. Bb2 a5 11. Re1 a4 12. Ne3 Be4 13. Qd2 axb3 14. axb3 Qd7
15. Rxa8 Rxa8 16. Ra1 Rd8 17. Rd1 b6 18. Rc1 Na5 19. Qc3 Rc8 20. b4 Nb7 21. Qc4
Nd6 22. Qb3 Bh6 23. Ra1 Qb5 24. Re1 Nd5 25. Nxd5 Bxd5 26. Qa3 Ra8 27. Qc3 Ne4
28. Qc2 Qxb4 29. Ra1 Rxa1+ 30. Bxa1 Bg7 31. e3 c5 32. Qb2 Qa4 33. h3 b5 34. Qb1
c4 35. Ng5 Nd2 36. Qe1 Bxg2 37. Kxg2 Qa8+ 38. Kh2 Qa2 39. Bc3 Nb1 40. Bb4 Qb2
41. Ne4 f5 42. Nc5 e5 43. dxe5 Bf8 44. Kg2 c3 45. Nd3 Qc2 46. Nc5 Qb2 47. Nd3
Qb3 48. Bxf8 Kxf8 49. Nf4 g5 50. Ne2 Qd5+ 51. Kg1 Qd3 52. Kg2 b4 53. Nd4 b3 54.
Kg1 b2 0-1

[Event "Mittelfrankenliga 05/06 (B2b)"]
[Site "Mfr.2005/06-R5"]
[Date "2006.01.29"]
[Round "5.4"]
[White "Schulz, Wilfried[48]"]
[Black "Hoerath, Michael"]
[Result "1/2-1/2"]
[WhiteElo "1896"]
[BlackElo "1781"]
[Annotator "BSGW Erlangen1-SK Schwabach2"]
[PlyCount "62"]
[EventDate "2006.01.29"]
[SourceDate "2005.10.17"]

1. e4 c5 2. c3 d5 3. exd5 Qxd5 4. d4 cxd4 5. cxd4 Nc6 6. Nf3 Nf6 7. Nc3 Qe6+ 8.
Be2 Nd5 9. a3 g6 10. Ng5 Qd7 11. Bc4 e6 12. O-O Be7 13. Re1 O-O 14. Nxd5 exd5
15. Bb5 Bf6 16. Nf3 Qg4 17. h3 Qh5 18. Bf4 Qf5 19. Bg3 a6 20. Ba4 b5 21. Bc2
Qd7 22. Qd2 Bb7 23. Be5 Nxe5 24. Nxe5 Qd8 25. Rad1 Rc8 26. Bd3 Rc7 27. f4 Bc8
28. Rf1 Bg7 29. g4 f5 30. g5 Qd6 31. Rc1 Bxe5 1/2-1/2

[Event "Mittelfrankenliga 05/06 (B2b)"]
[Site "Mfr.2005/06-R5"]
[Date "2006.01.29"]
[Round "5.5"]
[White "Heinrichmeier, Roland"]
[Black "Reinders, Rudolf"]
[Result "0-1"]
[WhiteElo "1715"]
[BlackElo "1902"]
[Annotator "BSGW Erlangen1-SK Schwabach2"]
[PlyCount "54"]
[EventDate "2006.01.29"]
[SourceDate "2005.10.17"]

1. e4 e5 2. Nf3 Nc6 3. Bc4 Bc5 4. c3 Nf6 5. d4 exd4 6. cxd4 Bb4+ 7. Nc3 Nxe4 8.
O-O Bxc3 9. d5 Bf6 10. Re1 Ne7 11. Rxe4 d6 12. Bg5 Bxg5 13. Nxg5 O-O 14. Qe2
Ng6 15. Re1 Qxg5 16. Re3 Qg4 17. Qc2 Bf5 18. Qc3 Qh4 19. Bb3 Rac8 20. Rf3 Bd7
21. Bc2 Rfe8 22. Rfe3 Rxe3 23. Rxe3 Qg5 24. Qe1 f5 25. g3 f4 26. Rf3 Ne5 27.
Rxf4 Qxf4 0-1

[Event "Mittelfrankenliga 05/06 (B2b)"]
[Site "Mfr.2005/06-R5"]
[Date "2006.01.29"]
[Round "5.6"]
[White "Schiller, Angel"]
[Black "Scheuerlein, Gerhard"]
[Result "1-0"]
[WhiteElo "1780"]
[BlackElo "1683"]
[Annotator "BSGW Erlangen1-SK Schwabach2"]
[PlyCount "97"]
[EventDate "2006.01.29"]
[SourceDate "2005.10.17"]

1. e4 e6 2. d4 d5 3. Nc3 Nf6 4. e5 Nfd7 5. Bb5 a6 6. Be2 c5 7. Nf3 Nc6 8. Be3
cxd4 9. Bxd4 Nxd4 10. Qxd4 Bc5 11. Qg4 O-O 12. O-O f5 13. exf6 Nxf6 14. Qg5 Be7
15. Bd3 Qe8 16. Qe5 Qh5 17. Qxh5 Nxh5 18. Rfe1 Nf4 19. Bf1 Ng6 20. Bd3 Nf4 21.
Bf1 Ng6 22. h3 Nf4 23. Ne5 Bd6 24. g3 Bxe5 25. Rxe5 Ng6 26. Ree1 Bd7 27. f4
Rac8 28. Bd3 Rf6 29. Rad1 h5 30. h4 Nxh4 31. gxh4 Rxf4 32. Re5 Rg4+ 33. Kf2
Rf8+ 34. Ke2 Rg2+ 35. Ke3 Bc6 36. Ne2 d4+ 37. Kxd4 Rg4+ 38. Kc3 Rxh4 39. Rxe6
Rc8 40. Kd2 Bf3 41. Rf1 Bg4 42. Re7 Rb8 43. Rff7 Bxe2 44. Rxg7+ Kf8 45. Ref7+
Ke8 46. Kxe2 b5 47. Bg6 Rh2+ 48. Kd3 Rd8+ 49. Rd7+ 1-0

[Event "Mittelfrankenliga 05/06 (B2b)"]
[Site "Mfr.2005/06-R5"]
[Date "2006.01.29"]
[Round "5.8"]
[White "Reincke, Peter Uwe"]
[Black "Uhlendorff, Daniel"]
[Result "1-0"]
[WhiteElo "1759"]
[BlackElo "1697"]
[Annotator "BSGW Erlangen1-SK Schwabach2"]
[PlyCount "73"]
[EventDate "2006.01.29"]
[SourceDate "2005.10.17"]

1. c4 e5 2. Nc3 Nf6 3. Nf3 Nc6 4. e3 d6 5. d4 exd4 6. exd4 Bf5 7. Be2 Be7 8. d5
Ne5 9. Nxe5 dxe5 10. O-O O-O 11. b3 Bc5 12. Bb2 Bd4 13. Qd2 c5 14. Na4 Ne4 15.
Qc1 b6 16. Bxd4 exd4 17. Bd3 Qh4 18. Qc2 Bg6 19. g3 Qe7 20. Rfe1 f5 21. f3 Qf6
22. fxe4 fxe4 23. Bxe4 Bxe4 24. Rxe4 d3 25. Qd1 Qf2+ 26. Kh1 Rae8 27. Qxd3 Qf5
28. Rae1 Re7 29. Nc3 Rfe8 30. d6 Rxe4 31. Nxe4 Rd8 32. Rf1 Qh3 33. Qd5+ Kh8 34.
Qf5 Qxf5 35. Rxf5 g6 36. Rf7 Kg8 37. Rxa7 1-0

[Event "Mittelfrankenliga 05/06 (B2b)"]
[Site "Mfr.2005/06-R5"]
[Date "2006.01.29"]
[Round "5.1"]
[White "Muenster, Erich"]
[Black "Konrad, Edmund"]
[Result "0-1"]
[WhiteElo "2024"]
[BlackElo "2250"]
[Annotator "Postbauer2-Heilsbronn1"]
[PlyCount "68"]
[EventDate "2006.01.29"]
[SourceDate "2005.10.17"]

1. e4 e6 2. d4 d5 3. e5 c5 4. c3 Nc6 5. Nf3 Qb6 6. Be2 cxd4 7. cxd4 Nge7 8. Na3
Nf5 9. Nc2 Be7 10. g4 Nh4 11. Nxh4 Bxh4 12. g5 Nxe5 13. O-O Ng6 14. Bd3 Bd7 15.
a4 Qd6 16. f4 h6 17. Qe2 hxg5 18. fxg5 Bg3 19. hxg3 Qxg3+ 20. Qg2 Qxd3 21. Ra3
Qe4 22. Qxe4 dxe4 23. Ne3 Nh4 24. Nc4 Nf3+ 25. Kg2 Bc6 26. Nd6+ Ke7 27. Bf4
Rad8 28. Nb5 a6 29. Na7 Bd5 30. Rc3 Nxd4 31. Rc7+ Rd7 32. Nc8+ Kd8 33. Rcc1 e3+
34. Kg3 Nf5+ 0-1

[Event "Mittelfrankenliga 05/06 (B2b)"]
[Site "Mfr.2005/06-R5"]
[Date "2006.01.29"]
[Round "5.2"]
[White "Kendzia, Nikolai"]
[Black "Roeschinger, Udo"]
[Result "1-0"]
[WhiteElo "1902"]
[BlackElo "1878"]
[Annotator "Postbauer2-Heilsbronn1"]
[PlyCount "91"]
[EventDate "2006.01.29"]
[SourceDate "2005.10.17"]

1. e4 c5 2. Nf3 e6 3. d4 cxd4 4. Nxd4 Bc5 5. Nb3 Bb6 6. Bd3 Ne7 7. Nc3 Nbc6 8.
Qe2 O-O 9. Bg5 Qc7 10. O-O-O f6 11. Bh4 Qf4+ 12. Kb1 Qxh4 13. g3 Qh6 14. h4 f5
15. e5 Nxe5 16. Qxe5 Bxf2 17. Qd6 Nc6 18. Rdf1 Bb6 19. g4 Qf6 20. gxf5 e5 21.
Bc4+ Kh8 22. Qd2 Ne7 23. Ne4 Qc6 24. Nd6 Rf6 25. Nf7+ Rxf7 26. Bxf7 Nxf5 27.
Bd5 Qf6 28. Qd3 d6 29. Be4 g6 30. h5 Kg7 31. hxg6 hxg6 32. Qh3 Kf7 33. Qd3 Be6
34. Rh7+ Ke8 35. Rfh1 Rc8 36. Qb5+ Kf8 37. Rh8+ Ke7 38. R1h7+ Ng7 39. Bxb7 Rxh8
40. Rxh8 Bd7 41. Qe2 Be6 42. Bc6 g5 43. Qa6 Kf7 44. Qb7+ Qe7 45. Be8+ Nxe8 46.
Rh7+ 1-0

[Event "Mittelfrankenliga 05/06 (B2b)"]
[Site "Mfr.2005/06-R5"]
[Date "2006.01.29"]
[Round "5.3"]
[White "Muenster, Manfred"]
[Black "Mitterhuemer, Guenter"]
[Result "0-1"]
[WhiteElo "1923"]
[BlackElo "2093"]
[Annotator "Postbauer2-Heilsbronn1"]
[PlyCount "64"]
[EventDate "2006.01.29"]
[SourceDate "2005.10.17"]

1. Nc3 d5 2. e4 d4 3. Nce2 e5 4. Nf3 Bd6 5. Ng3 Be6 6. Be2 f6 7. O-O Qd7 8. a3
Ne7 9. c4 c5 10. d3 Ng6 11. Nh5 O-O 12. Bd2 Nc6 13. Rb1 a5 14. b3 Nf4 15. Nxf4
exf4 16. Ne1 Kh8 17. Nc2 g5 18. f3 h5 19. b4 axb4 20. axb4 b6 21. bxc5 bxc5 22.
Ra1 Ne5 23. Na3 Ng6 24. Nb5 Be5 25. Qc2 g4 26. Ra4 Rxa4 27. Qxa4 Nh4 28. fxg4
Bxg4 29. Bd1 Nxg2 30. Rf2 Ne3 31. Bb3 Rg8 32. Kh1 Qg7 0-1